| 000 | 00672nam a2200229 a 4500 | ||
|---|---|---|---|
| 001 | BRCA_8350 | ||
| 005 | 20190320210237.0 | ||
| 008 | 150714s1951----fr-a###f##---#001-0#fre-# | ||
| 041 | _afre | ||
| 044 | _afr | ||
| 050 | 4 |
_aNA5801 _b.P58 1951 |
|
| 100 | 1 |
_aPita Andrade, José M. _920902 |
|
| 245 | 1 | 0 |
_aCathedrales d´Espagne _cpreface et notices par José M. Pita Andrade. |
| 260 |
_aParis _bDeux Mondes _c1951 |
||
| 300 |
_a67 p. _bil., 136 láminas _c31 cm. |
||
| 500 | _aIncluye índice de láminas y bibliografía | ||
| 500 | _aR80 | ||
| 650 | 1 | 4 |
_aCatedrales _zEspaña _920903 |
| 650 | 1 | 4 |
_aArquitectura religiosa _zEspaña _97863 |
| 902 | _aGFM | ||
| 942 |
_2lcc _cB |
||
| 999 |
_c8018 _d8018 |
||